000 01714nam a22001457a 4500
999 _c519884
_d519884
008 220512b ||||| |||| 00| 0 eng d
100 _aMajokweni, Z.Z. P. and Molnar, J.
_933196
245 _aGender and rural vitality: Empowerment through women's community groups
260 _aRural Sociology
300 _a86(4), Dec, 2021: p.886-910
520 _aRural women are often the main supporters of their families and have been involved in improving the quality of life for households and communities. Sustainable rural development and poverty reduction is linked to empowering women. Community groups are one mechanism for empowering women and fostering economic development in rural KwaZulu-Natal, South Africa. For the poor, the ability to organize and mobilize to solve problems is crucial because collective capability assists in overcoming challenges arising from marginalization and limited resources. Even though considerable work has been done on the impact of institutional support for community groups, it is not well documented how the efforts of women's community groups actually lead to improved socioeconomic wellbeing. The results of the study elucidate the positive impact of female group membership as a mechanism for advancing livelihoods and socio-economic wellbeing. Empowering women's groups as micro-institutions of economic and social advancement is a fundamental tool for improving the well-being of women and their children. The findings are intended to help institutions that work with women groups improve the impact and sustainability of these key mechanisms for development intervention. – Reproduced
773 _aRural Sociology
906 _aRURAL SOCIOLOGY
942 _cAR